000 00707nam a2200241Ia 4500
003 OSt
005 20221007080633.0
006 a|||||r|||| 00| 0
007 ta
008 221006b |||||||| |||| 00| 0 eng d
024 _a28,004
037 _cReports / Technical Reports
040 _aFLL
_cFLL
_beng
041 _2eng
_aeng
082 _aZ73,215, M3
100 _aHildreth Richard G.
_9695126
245 0 _aOcean and coastal law
260 _aNew Jersey
_b Prentice-Hall
_c1983
300 _axxix,513p
_ccm.
700 _a Johnson Ralph W.
_9323387
942 _hZ73,215, M3
_cREP
_2CC
999 _c1160382
_d1160382